000 01687nam a22004337a 4500
003 CHAP
005 20220329143238.0
008 070802s2007 mx b r 00010 spa d
010 _a93868
011 _a94840
035 _a105439
040 _cCHAP
090 _aTesis
100 1 _aIglecias Hernández, Raúl.
_957331
245 1 0 _aEfecto de la aplicación de gonadotropina coriónica humana (hCG) el día 12 después de la inseminación sobre la fertilidad y prolificidad de ovejas criollas
_c/por Raúl Iglesias Hernández
260 _aChapingo, Méx. :
_bEl autor,
_c2007
300 _a39 h.:
_bgrafs.; cuadro
502 _aTesis (Ing . Agr. Esp . en Zootecnia.) -- UACH. Departamento de Zootecnia
530 _aTambién disponible en línea
590 _aALEPH
_b10
_c20130110
_lUCH01
_h1519
590 _aBATCH-UPD
_b10
_c20130110
_lUCH01
_h0633
590 _aBATCH-UPD
_b10
_c20130110
_lUCH01
_h2259
590 _aBATCH-UPD
_b10
_c20130410
_lUCH01
_h0316
590 _aBATCH-UPD
_b10
_c20130914
_lUCH01
_h1513
590 _aBATCH-UPD
_b10
_c20140324
_lUCH01
_h1503
590 _aBATCH-UPD
_b10
_c20141002
_lUCH01
_h0834
590 _aCONVERSION
_b10
_c20130109
_lUCH01
_h1352
650 1 4 _aGanado lanar
_xFecundidad.
_945181
650 1 4 _aGanado lanar
_xReproducción.
_945220
650 1 4 _aGonadotropina.
_948622
650 1 4 _aInseminación artificial.
_958964
650 1 4 _aSemen
_xGanado lanar.
_9103863
856 _3Finding aid
_uhttp://10.13.5.2/tesis/105439.pdf
_zTeclea aqui
901 _aBK
905 _aLuisgm
942 _cFOLL
949 _aTesis
_bBC
_cTES
_d33724002028488
_eTS1
_h46768
_i105439
_sb
949 _aTesis
_bBC
_cTES
_d33724002028553
_eTS2
_fc.2
_h46769
_i105439
_sb
999 _c93868
_d93868